Fr. Conceicao Rodrigues College of Engineering

Introduction to solid state physics (Record no. 25549)

MARC details
000 -LEADER
fixed length control field 00319nam a2200145Ia 4500
082 ## - DEWEY DECIMAL CLASSIFICATION NUMBER
Classification number 530.41
Item number KIT
100 ## - MAIN ENTRY--PERSONAL NAME
Personal name Kittel/C
245 ## - TITLE STATEMENT
Title Introduction to solid state physics
260 ## - PUBLICATION, DISTRIBUTION, ETC.
Name of publisher, distributor, etc. WILEY EASTERN LIMITED
Place of publication, distribution, etc. New Delhi
Date of publication, distribution, etc. 1984
300 ## - PHYSICAL DESCRIPTION
Extent 599
546 ## - LANGUAGE NOTE
Language note ENGLISH
654 ## - SUBJECT ADDED ENTRY--FACETED TOPICAL TERMS
Focus term solid
942 ## - ADDED ENTRY ELEMENTS (KOHA)
Koha item type BOOK
Holdings
Withdrawn status Lost status Damaged status Not for loan Collection Home library Current library Shelving location Date acquired Cost, normal purchase price Total Checkouts Full call number Barcode Date last seen Cost, replacement price Price effective from Koha item type
        CRC Fr. Agnel's C.Rodrigues College of Engineering Fr. Agnel's C.Rodrigues College of Engineering   17/03/2023 55.00   530.41 KIT 366 17/03/2023 55.00 17/03/2023 BOOK